| Tag |
First Indicator |
Second Indicator |
Subfields |
| LEADER |
00000cam a2200000La 4500 |
| 001 |
in00002782580 |
| 005 |
20151202171803.0 |
| 008 |
120817s2012 dk abe ab 000 0 eng |
| 020 |
|
|
|a 9788771240511
|
| 020 |
|
|
|a 8771240519
|
| 029 |
0 |
|
|a NZ1
|b 14316857
|
| 035 |
|
|
|a (OCoLC)ocn806459768
|
| 035 |
|
|
|a (OCoLC)806459768
|
| 040 |
|
|
|a Nz
|c UW1
|d HLS
|d OCLCO
|d YDXCP
|d BWX
|d UtOrBLW
|
| 043 |
|
|
|a mm-----
|a e-gr---
|a e-it---
|
| 049 |
|
|
|a TXAM
|
| 050 |
|
4 |
|a NK4640
|b .R43 2012
|
| 082 |
0 |
4 |
|a 738.3820938
|2 23
|
| 245 |
0 |
0 |
|a Red-figure pottery in its ancient setting :
|b acts of the International Colloquium held at the National Museum of Denmark in Copenhagen, November 5-6, 2009 /
|c Edited by Stine Schierup & Bodil Bundgaard Rasmussn.
|
| 264 |
|
1 |
|a Aarhus, Denmark :
|b Aarhus University Press,
|c [2012]
|
| 264 |
|
4 |
|c ©2012
|
| 300 |
|
|
|a 180 pages :
|b illustrations (some color), color maps ;
|c 25 cm.
|
| 336 |
|
|
|a text
|b txt
|2 rdacontent
|
| 337 |
|
|
|a unmediated
|b n
|2 rdamedia
|
| 338 |
|
|
|a volume
|b nc
|2 rdacarrier
|
| 490 |
1 |
|
|a Gösta Enbom monographs,1904-6219 ;
|v volume 2
|
| 500 |
|
|
|a Colloqium papers and abstracts.
|
| 504 |
|
|
|a Includes bibliographical references (pages 156-175).
|
| 650 |
|
0 |
|a Vases, Red-figured
|z Greece.
|
| 650 |
|
0 |
|a Vases, Red-figured
|z Italy.
|
| 650 |
|
0 |
|a Pottery, Greek
|z Greece.
|
| 650 |
|
0 |
|a Pottery, Greek
|z Italy.
|
| 650 |
|
0 |
|a Vase-painting
|z Mediterranean Region.
|
| 651 |
|
0 |
|a Mediterranean Region
|x Antiquities.
|
| 700 |
1 |
|
|a Schierup, Stine.
|
| 700 |
1 |
|
|a Rasmussen, Bodil Bundgaard.
|
| 710 |
2 |
|
|a Nationalmuseet (Denmark)
|
| 830 |
|
0 |
|a Gösta Enbom monographs ;
|v v. 2.
|
| 938 |
|
|
|a YBP Library Services
|b YANK
|n 8795388
|
| 938 |
|
|
|a Blackwell Book Service
|b BBUS
|n 8795388
|
| 947 |
|
|
|a A14835939045
|
| 945 |
|
|
|a PromptCat
|b 125022
|
| 946 |
|
|
|a stk
|
| 994 |
|
|
|a 92
|b TXA
|
| 948 |
|
|
|a Cataloged
|b h
|c 2012/12/13
|d c
|e EGrant
|
| 999 |
|
|
|a MARS
|
| 999 |
f |
f |
|s 336cc6e3-be48-3f42-804c-0c1a17977cd5
|i 54e71b8d-90aa-3a3e-aa66-13f40cdaa2f9
|t 0
|
| 952 |
f |
f |
|p normal
|a Texas A&M University
|b College Station
|c Sterling C. Evans Library
|d Evans: Library Stacks
|t 0
|e NK4640 .R43 2012
|h Library of Congress classification
|i unmediated -- volume
|m A14835939045
|
| 998 |
f |
f |
|a NK4640 .R43 2012
|t 0
|l Evans: Library Stacks
|